|
|
|
|
| LEADER |
00000nam0a2200000 4500 |
| 001 |
370518 |
| 005 |
20231102012304.0 |
| 035 |
|
|
|a (RuTPU)RU\TPU\retro\27927
|
| 090 |
|
|
|a 370518
|
| 100 |
|
|
|a 20220707d1978 km y0rusy50 ca
|
| 101 |
0 |
|
|a rus
|
| 102 |
|
|
|a RU
|
| 105 |
|
|
|a a z 001zy
|
| 200 |
1 |
|
|a Речевая связь в искусственных атмосферах
|f Б. И. Петленко, Л. С. Бутырский
|g под ред. И. Т. Турбовича
|
| 210 |
|
|
|a Москва
|c Связь
|d 1978
|
| 215 |
|
|
|a 144 с.
|c ил.
|
| 320 |
|
|
|a Библиогр.: с. 137-143
|
| 606 |
|
|
|a Речь
|x Исследование
|2 stltpush
|3 (RuTPU)RU\TPU\subj\25217
|9 49429
|
| 610 |
1 |
|
|a замкнутые пространства
|
| 610 |
1 |
|
|a искусственные дыхательные среды
|
| 610 |
1 |
|
|a речеобразование
|
| 610 |
1 |
|
|a гелиевокислородные среды
|
| 610 |
1 |
|
|a речь
|
| 610 |
1 |
|
|a восприятие
|
| 610 |
1 |
|
|a гелиевые атмосферы
|
| 610 |
1 |
|
|a речевые звуки
|
| 610 |
1 |
|
|a глубоководные погружения
|
| 610 |
1 |
|
|a разборчивость
|
| 610 |
1 |
|
|a снижение
|
| 610 |
1 |
|
|a качество
|
| 610 |
1 |
|
|a методы
|
| 610 |
1 |
|
|a аппаратура
|
| 675 |
|
|
|a 534.7
|v 4
|
| 700 |
|
1 |
|a Петленко
|b Б. И.
|g Борис Иванович
|
| 701 |
|
1 |
|a Бутырский
|b Л. С.
|g Леонид Сергеевич
|
| 702 |
|
1 |
|a Турбович
|b И. Т.
|4 340
|
| 801 |
|
1 |
|a RU
|b 63413507
|c 20220707
|
| 801 |
|
2 |
|a RU
|b 63413507
|c 20220707
|g RCR
|
| 942 |
|
|
|c BK
|